[Event "EWIBCC 2019"]
[Site "Monte-Carlo"]
[Date "2019.11.29"]
[Round "2.20"]
[White "Chigaeva, Anastasia"]
[Black "Worek, Joanna"]
[Result "0-1"]
[WhiteElo "2156"]
[BlackElo "2316"]
[Annotator "NA"]
[PlyCount "71"]
[EventDate "2019.11.29"]
[EventType "swiss"]
[EventCountry "MNC"]
[SourceTitle "playchess.com"]
[Source "ChessBase"]
[SourceQuality "1"]
[TimeControl "180+2"]

1. d4 {[%emt 0:00:00]} Nf6 {[%emt 0:00:00]} 2. c4 {[%emt 0:00:03]} c5 {[%emt 0:00:01]} 3. d5 {[%emt 0:00:01]} b5 {[%emt 0:00:01]} 4. Qc2 {[%emt 0:00:04]} e6 {[%emt 0:00:22]} 5. e4 {[%emt 0:00:17]} exd5 {[%emt 0:00:07]} 6. cxd5 {[%emt 0:00:36]} Qb6 {[%emt 0:00:36]} 7. Nf3 {[%emt 0:00:39]} d6 {[%emt 0:00:09]} 8. Be2 {[%emt 0:00:10]} Be7 {[%emt 0:00:02]} 9. O-O {[%emt 0:00:10]} O-O {[%emt 0:00:02]} 10. a4 {[%emt 0:00:04]} b4 {[%emt 0:00:09]} 11. Nbd2 {[%emt 0:00:17]} Ba6 {[%emt 0:00:04]} 12. Bc4 {[%emt 0:00:22]} Re8 {[%emt 0:00:09]} 13. b3 {[%emt 0:00:08]} Bf8 {[%emt 0:00:04]} 14. Bb2 {[%emt 0:00:09]} Nbd7 {[%emt 0:00:01]} 15. Rfe1 {[%emt 0:00:05]} Ng4 {[%emt 0:00:16]} 16. h3 {[%emt 0:00:11]} Nge5 {[%emt 0:00:12]} 17. Nxe5 {[%emt 0:00:05]} Nxe5 {[%emt 0:00:01]} 18. f4 {[%emt 0:00:07]} Ng6 {[%emt 0:00:12]} 19. Rf1 {[%emt 0:00:03]} Bxc4 {[%emt 0:00:06]} 20. Nxc4 {[%emt 0:00:01]} Qd8 {[%emt 0:00:01]} 21. Rae1 {[%emt 0:00:03]} Qh4 {[%emt 0:00:02]} 22. Qf2 {[%emt 0:00:03]} Qxf2+ {[%emt 0:00:01]} 23. Rxf2 {[%emt 0:00:02]} f6 {[%emt 0:00:06]} 24. g3 {[%emt 0:00:02]} Nh8 {[%emt 0:00:01]} 25. e5 {[%emt 0:00:03]} fxe5 {[%emt 0:00:02]} 26. fxe5 {[%emt 0:00:01]} dxe5 {[%emt 0:00:02]} 27. Rxe5 {[%emt 0:00:02]} Rxe5 {[%emt 0:00:00]} 28. Nxe5 {[%emt 0:00:02]} Rd8 {[%emt 0:00:04]} 29. Rd2 {[%emt 0:00:02]} Bd6 {[%emt 0:00:03]} 30. Nc6 {[%emt 0:00:02]} Re8 {[%emt 0:00:01]} 31. Kf2 {[%emt 0:00:03]} a6 {[%emt 0:00:02]} 32. Kg2 {[%emt 0:00:04]} Nf7 {[%emt 0:00:01]} 33. Kf2 {[%emt 0:00:01]} Ng5 {[%emt 0:00:01]} 34. Kg2 {[%emt 0:00:02]} Re3 {[%emt 0:00:01]} 35. h4 {[%emt 0:00:03]} Ne4 {[%emt 0:00:01]} 36. Rd1 {[%emt 0:00:05]} 0-1

[Event "EWIBCC 2019"]
[Site "Monte-Carlo"]
[Date "2019.11.29"]
[Round "3.1"]
[White "Chiburdanidze, Maia"]
[Black "Bulmaga, Irina"]
[Result "1-0"]
[WhiteElo "2500"]
[BlackElo "2435"]
[Annotator "TA"]
[PlyCount "57"]
[EventDate "2019.11.29"]
[EventType "swiss"]
[EventCountry "MNC"]
[SourceTitle "playchess.com"]
[Source "ChessBase"]
[SourceQuality "1"]

{[%evp 17,57,0,0,-22,0,-21,1,2,51,0,0,-56,-47,-275,-261,-352,-57,-145,-120,-158,-143,-377,-377,-567,-201,-222,-81,-212,-183,-270,-247,-253,-247,-379,-211,-210,-204,-194,-152,-127,-68,-174]} 1. d4 Nf6 2. Nf3 e6 3. e3 b6 4. b3 Bb7 5. Bb2 d5 6. a3 Nbd7 7. Bd3 Bd6 8. Nbd2 O-O 9. O-O Ne4 10. Qe2 {D05: Colle System with ...e6} a6 $146 ({Predecessor:} 10... f5 11. c4 a5 12. Ne5 Bxe5 13. dxe5 Nxd2 14. Qxd2 Nc5 15. Qc3 Nxd3 16. Qxd3 dxc4 17. Qxc4 Bd5 {1-0 (40) Mueller,L (2069)-Wulf,A (1949) Bad Neuenahr 2014}) 11. c4 f5 12. Rfc1 {The position is equal.} Qf6 13. Rc2 (13. b4 $1 $14) 13... Qh6 $11 14. Rac1 ({White should play} 14. h3 $11) 14... Nxd2 $15 15. Qxd2 $2 (15. Rxd2 $15 dxc4 16. bxc4) 15... dxc4 $19 {Hoping for ...Bxf3.} 16. Bxc4 Be4 $2 (16... Bxf3 $1 $19 17. gxf3 b5 18. Bxe6+ Qxe6) 17. Ne5 (17. Qe2 $15) 17... Rad8 $1 $40 {[%mdl 128] Black wants a kill.} ({But not} 17... Bxc2 18. Qxc2 b5 19. Be2 $15) 18. f4 Bxe5 ({Resist} 18... Bxc2 19. Nxd7 Rxd7 20. Rxc2 $15) 19. fxe5 $2 {[#]} (19. dxe5 $17 {only move.} Nc5 20. Bd4) 19... Nxe5 $1 $19 {[%mdl 512]} 20. Rc3 (20. h3 $142 Bxc2 21. Rxc2) (20. dxe5 Rxd2) 20... c5 $2 (20... Rf6 21. R1c2 Nf3+ $1 {[%mdl 512]} 22. gxf3 Rg6+ 23. Kf2 Qh4+ 24. Ke2 Bxc2 25. Rxc2 Rg2+ {[%mdl 64] Double Attack, Skewer} 26. Kd3 Rxd2+ 27. Rxd2 Kf7) 21. Qe2 b5 {[#]} (21... Nxc4 $19 {and Black stays clearly on top.} 22. Rxc4 e5 $1 {[%mdl 512]}) 22. dxe5 (22. Bxe6+ $1 $17 {[%mdl 512] was the only defense.} Qxe6 23. dxe5) 22... bxc4 23. bxc4 (23. Re1 {keeps fighting.}) 23... Rd7 {...Rfd8 is the strong threat.} 24. Rb3 Rfd8 {( -> ...Rd2)} 25. Re1 {[#]} (25. Bc3 {is the only way for White.}) 25... Rd2 (25... Bc2 $142 $1 {[%mdl 512]} 26. Rc3 (26. Qxc2 $2 Rd2 $19) 26... Rd2 27. Rxc2 Rxe2 28. Rcxe2 Qh5) 26. Rb8 Rxb8 27. Qxd2 Rf8 28. Bc3 Qg6 (28... Qg5 $17 29. Ba5 Rb8) 29. Rc1 {[%mdl 32768] Accuracy: White = 10%, Black = 33%. . Loss on time!?} (29. Ba5 $1 $15) 1-0

[Event "EWIBCC 2019"]
[Site "Monte-Carlo"]
[Date "2019.11.29"]
[Round "3.2"]
[White "Babiy, Olga"]
[Black "Sebag, Marie"]
[Result "0-1"]
[WhiteElo "2249"]
[BlackElo "2443"]
[Annotator "NA"]
[PlyCount "110"]
[EventDate "2019.11.29"]
[EventType "swiss"]
[EventCountry "MNC"]
[SourceTitle "playchess.com"]
[Source "ChessBase"]
[SourceQuality "1"]
[TimeControl "180+2"]

1. e4 {[%emt 0:00:00]} c5 {[%emt 0:00:00]} 2. Be2 {[%emt 0:00:00]} Nf6 {[%emt 0:00:10]} 3. d3 {[%emt 0:00:01]} Nc6 {[%emt 0:00:03]} 4. f4 {[%emt 0:00:05]} d6 {[%emt 0:00:06]} 5. Nf3 {[%emt 0:00:01]} g6 {[%emt 0:00:01]} 6. O-O {[%emt 0:00:03]} Bg7 {[%emt 0:00:01]} 7. Qe1 {[%emt 0:00:13]} O-O {[%emt 0:00:03]} 8. Qh4 {[%emt 0:00:06]} e6 {[%emt 0:00:53]} 9. c3 {[%emt 0:00:14]} Rb8 {[%emt 0:00:16]} 10. g4 {[%emt 0:00:29]} Nd7 {[%emt 0:00:14]} 11. g5 {[%emt 0:00:06]} f5 {[%emt 0:00:07]} 12. gxf6 {[%emt 0:00:15]} Nxf6 {[%emt 0:00:06]} 13. Ng5 {[%emt 0:00:11]} h6 {[%emt 0:00:06]} 14. Nf3 {[%emt 0:00:21]} Nh5 {[%emt 0:00:02]} 15. Qg4 {[%emt 0:00:25]} Nxf4 {[%emt 0:00:12]} 16. Bxf4 {[%emt 0:00:07]} e5 {[%emt 0:00:00]} 17. Qxg6 {[%emt 0:00:08]} Rxf4 {[%emt 0:00:01]} 18. Nfd2 {[%emt 0:00:21]} Qg5+ {[%emt 0:00:30]} 19. Qxg5 {[%emt 0:00:01]} hxg5 {[%emt 0:00:00]} 20. Nc4 {[%emt 0:00:01]} Bf8 {[%emt 0:00:01]} 21. a4 {[%emt 0:00:07]} Bh3 {[%emt 0:00:03]} 22. Rxf4 {[%emt 0:00:20]} gxf4 {[%emt 0:00:01]} 23. Nbd2 {[%emt 0:00:01]} Be7 {[%emt 0:00:02]} 24. Nf3 {[%emt 0:00:02]} Kf7 {[%emt 0:00:01]} 25. Kf2 {[%emt 0:00:00]} Rh8 {[%emt 0:00:08]} 26. Rg1 {[%emt 0:00:02]} Be6 {[%emt 0:00:02]} 27. Ncd2 {[%emt 0:00:03]} a6 {[%emt 0:00:06]} 28. Bd1 {[%emt 0:00:02]} Na5 {[%emt 0:00:11]} 29. b4 {[%emt 0:00:01]} cxb4 30. cxb4 {[%emt 0:00:01]} Nc6 {[%emt 0:00:04]} 31. b5 {[%emt 0:00:02]} axb5 {[%emt 0:00:09]} 32. axb5 {[%emt 0:00:01]} Na5 {[%emt 0:00:01]} 33. Rg2 {[%emt 0:00:03]} Bd8 {[%emt 0:00:01]} 34. Rg1 {[%emt 0:00:06]} Bb6+ {[%emt 0:00:00]} 35. d4 {[%emt 0:00:01]} exd4 {[%emt 0:00:01]} 36. Ng5+ {[%emt 0:00:03]} Ke7 {[%emt 0:00:02]} 37. Nxe6 {[%emt 0:00:01]} Kxe6 {[%emt 0:00:01]} 38. Rg6+ {[%emt 0:00:02]} Ke7 {[%emt 0:00:02]} 39. Kg2 {[%emt 0:00:04]} d3 {[%emt 0:00:04]} 40. Bg4 {[%emt 0:00:02]} Be3 {[%emt 0:00:04]} 41. Nf1 {[%emt 0:00:04]} Nc4 {[%emt 0:00:04]} 42. Re6+ {[%emt 0:00:01]} Kf7 {[%emt 0:00:01]} 43. e5 {[%emt 0:00:04]} Rg8 {[%emt 0:00:03]} 44. Kf3 {[%emt 0:00:04]} Rxg4 {[%emt 0:00:03]} 45. Rf6+ {[%emt 0:00:00]} Ke7 {[%emt 0:00:03]} 46. Kxg4 {[%emt 0:00:02]} Nxe5+ {[%emt 0:00:02]} 47. Kf5 {[%emt 0:00:00]} d2 {[%emt 0:00:01]} 48. Re6+ {[%emt 0:00:04]} Kd7 {[%emt 0:00:01]} 49. Nxd2 {[%emt 0:00:02]} Bxd2 {[%emt 0:00:01]} 50. h4 {[%emt 0:00:02]} f3 {[%emt 0:00:01]} 51. Rf6 {[%emt 0:00:02]} f2 {[%emt 0:00:05]} 52. Ke4 {[%emt 0:00:01]} Ng4 {[%emt 0:00:03]} 53. Rf5 {[%emt 0:00:02]} Ke6 {[%emt 0:00:08]} 54. h5 {[%emt 0:00:02]} d5+ {[%emt 0:00:01]} 55. Kd3 {[%emt 0:00:01]} Kxf5 {[%emt 0:00:01]} 0-1

[Event "EWIBCC 2019"]
[Site "Monte-Carlo"]
[Date "2019.11.29"]
[Round "3.3"]
[White "Stefanova, Antoaneta"]
[Black "Reizniece-Ozola, Dana"]
[Result "1-0"]
[WhiteElo "2481"]
[BlackElo "2305"]
[Annotator "TA"]
[PlyCount "176"]
[EventDate "2019.11.29"]
[EventType "swiss"]
[EventCountry "MNC"]
[SourceTitle "playchess.com"]
[Source "ChessBase"]
[SourceQuality "1"]

{[%evp 10,176,29,20,23,10,9,21,42,22,20,16,37,23,26,15,6,24,33,50,47,44,45,26,64,0,0,-1,135,108,104,110,100,103,106,92,174,182,194,175,267,261,292,143,321,114,155,128,131,118,133,104,109,100,176,169,172,160,124,130,189,58,197,119,177,174,213,159,315,265,349,339,347,249,433,350,461,437,570,575,551,556,610,457,445,455,448,379,453,424,447,420,784,783,1013,1001,1470,1022,2207,1249,1165,1125,5202,1110,1075,994,1630,722,717,710,797,774,827,803,764,741,865,808,6693,1145,1097,1043,1244,739,576,366,368,0,734,735,661,597,890,887,29966,1425,895,662,5941,5579,1976,1052,1025,998,831,820,1403,755,1400,1562,1567,1796,1777,1246,1508,1386,2561,2583,6033,5652,5056,5015,29981,29982,29982,29983,29982,29975,29980]} 1. Nf3 Nf6 2. g3 g6 3. Bg2 Bg7 4. O-O O-O 5. d4 d6 6. a4 Nc6 {A49: 1 d4 Nf6 2 Nf3 g6 3 g3: Anti-King's Indian systems} (6... a5 7. b3 b6 8. Bb2 Bb7 9. c4 e6 10. Re1 Ne4 11. Nfd2 f5 12. e3 c5 13. Nxe4 fxe4 14. Nc3 d5 15. dxc5 {1-0 (46) Vachier Lagrave,M (2780)-Lagarde,M (2600) Brest 2019}) 7. Nc3 Rb8 $146 ({Predecessor:} 7... d5 8. Bf4 Bg4 9. Ne5 Be6 10. Nxc6 bxc6 11. Be5 Bh6 12. a5 Nd7 13. Bf4 Bxf4 14. gxf4 {½-½ (72) Stefanova,A (2489)-Paehtz,E (2440) Khanty-Mansiysk 2014}) 8. e4 Bg4 {The position is equal.} 9. h3 Bxf3 10. Bxf3 e5 11. dxe5 dxe5 12. Nd5 Nd4 {[%cal Bc6d4,Bd4e6,Be6c5][%mdl 32]} 13. Bg2 c6 14. Nxf6+ Bxf6 15. c3 Ne6 16. Qe2 Qe7 17. f4 (17. Be3 $14) 17... Nc5 $11 18. Be3 Rfe8 (18... exf4 $11 {keeps the balance.} 19. gxf4 Nxe4 20. Bxa7 Ra8) 19. f5 $36 {[%mdl 2048] White is on the roll.} Bg5 20. b4 Bxe3+ 21. Qxe3 Nd7 22. Qxa7 Qg5 (22... c5 $16) 23. Qf2 $18 Rf8 24. a5 Rbd8 (24... Qe7 $142 25. a6 bxa6 26. Rxa6 Qd6) 25. Rad1 Kg7 {[#]} 26. Kh2 (26. f6+ $1 $18 {[%mdl 512]} Qxf6 (26... Nxf6 27. h4) 27. Qa7) 26... h5 $2 (26... Nf6 $16 27. fxg6 hxg6) 27. Qd2 $2 (27. fxg6 $18 {has better winning chances.} Qxg6 28. Qe3) 27... Qe7 28. Qd6 Qxd6 29. Rxd6 {Strongly threatening Rfd1.} Nf6 30. Rfd1 Rxd6 31. Rxd6 $16 {[%mdl 4096] Endgame KRB-KRN} Re8 (31... gxf5 $16 32. exf5 Rc8) 32. fxg6 $18 fxg6 33. a6 bxa6 34. Rxc6 Ra8 (34... Rd8 $16) 35. Bf3 (35. Rc5 $18) 35... Kf7 {[#]} (35... a5 $14) 36. Rc5 ({White should play} 36. Be2 $1 $18) 36... Ke6 (36... Rd8 $16 37. Kg1 (37. Rxe5 Rd3 $16) 37... Rd2 38. Rxe5 Rd3) 37. Kg2 Kd6 38. Kf2 Ra7 $2 (38... g5 $16 {was necessary.} 39. Ke3 g4) 39. Ke3 Nd7 40. Rd5+ Ke6 41. Be2 Nb8 $2 (41... Rc7 {was worth a try.} 42. Kd3 (42. Bxa6 Rxc3+ 43. Kd2 Rc7 $16) 42... Nf6) 42. g4 h4 43. g5 Rc7 44. Bg4+ Kf7 45. Kd3 Nc6 46. Rc5 Ke7 47. Kc4 {aiming for Kd5.} Kd6 {Now ...Na5+ and Black clings on.} 48. Kb3 Rb7 49. Ka4 Ra7 50. Rd5+ Kc7 (50... Ke7 $142 51. c4 Rb7) 51. Rd7+ Kb6 52. Rd6 Kc7 53. Rxg6 Ra8 54. Rh6 Rg8 55. g6 Ne7 56. Bf5 (56. Rh7 $142 Re8 57. Rf7) 56... Kd8 57. Rxh4 Nxg6 58. Rh6 (58. Rg4 $142 Ne7 59. Rxg8+ Nxg8 60. Ka5) 58... Nf4 59. Rxa6 {And now Ra8+ would win.} Kc7 60. b5 Nd3 61. Rc6+ Kb7 62. Kb3 Rg2 63. Rd6 Nc5+ 64. Kc4 Na4 65. Rd7+ Kb6 66. Re7 Nb2+ 67. Kb3 Nd3 68. Kc4 Nb2+ 69. Kd5 Kxb5 70. Kxe5 Kc5 71. Kf6 Nc4 72. e5 (72. Rc7+ $142 Kb5 73. Bd7+ Kb6 74. Rxc4 Rf2+ 75. Ke7 Re2 76. h4 Rg2 77. e5) 72... Ne3 73. Be4 Rh2 74. Rc7+ Kb6 75. Rh7 Rf2+ 76. Kg5 Nc4 77. e6 {Intending e7 and mate.} Nd6 78. Bg6 Rg2+ 79. Kf6 Kc5 80. e7 Rf2+ 81. Kg5 Re2 82. h4 Kc6 83. h5 Re3 84. h6 Rg3+ 85. Kh5 Rxc3 86. e8=Q+ {White mates.} Nxe8 87. Bxe8+ Kd6 88. Rf7 Kd5 {Accuracy: White = 49%, Black = 28%.} 1-0

[Event "EWIBCC 2019"]
[Site "Monte-Carlo"]
[Date "2019.11.29"]
[Round "3.4"]
[White "Gaponenko, Inna"]
[Black "Socko, Monika"]
[Result "1-0"]
[WhiteElo "2427"]
[BlackElo "2417"]
[Annotator "NA"]
[PlyCount "67"]
[EventDate "2019.11.29"]
[EventType "swiss"]
[EventCountry "MNC"]
[SourceTitle "playchess.com"]
[Source "ChessBase"]
[SourceQuality "1"]
[TimeControl "180+2"]

1. e4 {[%emt 0:00:00]} c6 {[%emt 0:00:00]} 2. d4 {[%emt 0:00:02]} d5 {[%emt 0:00:00]} 3. exd5 {[%emt 0:00:01]} cxd5 {[%emt 0:00:01]} 4. c4 {[%emt 0:00:01]} Nf6 {[%emt 0:00:02]} 5. Nc3 {[%emt 0:00:00]} e6 {[%emt 0:00:01]} 6. Nf3 {[%emt 0:00:02]} Bb4 {[%emt 0:00:03]} 7. cxd5 {[%emt 0:00:01]} exd5 {[%emt 0:00:10]} 8. Bb5+ {[%emt 0:00:07]} Bd7 {[%emt 0:00:13]} 9. Qe2+ {[%emt 0:00:19]} Qe7 {[%emt 0:00:07]} 10. O-O {[%emt 0:00:08]} Qxe2 {[%emt 0:00:14]} 11. Bxe2 {[%emt 0:00:03]} O-O {[%emt 0:00:07]} 12. Ne5 {[%emt 0:00:05]} Bf5 {[%emt 0:00:05]} 13. Nb5 {[%emt 0:00:29]} Nc6 {[%emt 0:00:12]} 14. Bg5 {[%emt 0:00:04]} Nxe5 {[%emt 0:00:12]} 15. dxe5 {[%emt 0:00:11]} Ne4 {[%emt 0:00:01]} 16. Be3 {[%emt 0:00:05]} a6 {[%emt 0:00:13]} 17. Nc7 {[%emt 0:00:22]} Rad8 {[%emt 0:00:01]} 18. Rfd1 {[%emt 0:00:03]} Be6 {[%emt 0:00:00]} 19. Rac1 {[%emt 0:00:06]} h6 {[%emt 0:00:29]} 20. f3 {[%emt 0:00:17]} Ng5 {[%emt 0:00:04]} 21. h4 {[%emt 0:00:03]} Nh7 {[%emt 0:00:02]} 22. f4 {[%emt 0:00:04]} Ba5 {[%emt 0:00:13]} 23. Bf3 {[%emt 0:00:14]} Bxc7 {[%emt 0:00:24]} 24. Rxc7 {[%emt 0:00:02]} Rc8 {[%emt 0:00:00]} 25. Rxb7 {[%emt 0:00:10]} Rfd8 {[%emt 0:00:04]} 26. Bb6 {[%emt 0:00:06]} Rf8 {[%emt 0:00:04]} 27. Bxd5 {[%emt 0:00:05]} Bg4 {[%emt 0:00:01]} 28. Rd2 {[%emt 0:00:05]} g5 {[%emt 0:00:06]} 29. hxg5 {[%emt 0:00:43]} hxg5 30. Be3 {[%emt 0:00:00]} gxf4 {[%emt 0:00:12]} 31. Bxf4 {[%emt 0:00:00]} Kg7 {[%emt 0:00:05]} 32. Bb3 {[%emt 0:00:00]} Kg6 {[%emt 0:00:19]} 33. Kh2 {[%emt 0:00:00]} Kf5 {[%emt 0:00:12]} 34. Kg3 {[%emt 0:00:00]} 1-0

[Event "EWIBCC 2019"]
[Site "Monte-Carlo"]
[Date "2019.11.29"]
[Round "3.5"]
[White "Paehtz, Elisabeth"]
[Black "Daulyte-Cornette, Deimante"]
[Result "1-0"]
[WhiteElo "2484"]
[BlackElo "2405"]
[Annotator "RC"]
[PlyCount "55"]
[EventDate "2019.11.29"]
[EventType "swiss"]
[EventCountry "MNC"]
[SourceTitle "playchess.com"]
[Source "ChessBase"]
[SourceQuality "1"]
[TimeControl "180+2"]

1. d4 {[%emt 0:00:00]} Nf6 {[%emt 0:00:00]} 2. Nf3 {[%emt 0:00:01]} b6 {[%emt 0:00:02]} 3. Bf4 {[%emt 0:00:06]} Bb7 {[%emt 0:00:02]} 4. c3 {[%emt 0:00:05]} d6 {[%emt 0:00:12]} 5. Nbd2 {[%emt 0:00:05]} Nh5 {[%emt 0:00:16]} 6. Bg5 {[%emt 0:00:06]} h6 {[%emt 0:00:04]} 7. Bh4 {[%emt 0:00:06]} g5 {[%emt 0:00:02]} 8. Bg3 {[%emt 0:00:01]} f5 {[%emt 0:00:12]} 9. e3 {[%emt 0:00:01]} Nxg3 {[%emt 0:00:17]} 10. hxg3 {[%emt 0:00:02]} Bg7 {[%emt 0:00:01]} 11. Nxg5 {[%emt 0:00:09]} hxg5 {[%emt 0:00:06]} 12. Rxh8+ {[%emt 0:00:05]} Bxh8 {[%emt 0:00:01]} 13. Qh5+ {[%emt 0:00:02]} Kd7 {[%emt 0:00:02]} 14. g4 {[%emt 0:00:46]} fxg4 {[%emt 0:00:21]} 15. Be2 {[%emt 0:00:10]} c5 {[%emt 0:00:22]} 16. Bxg4+ {[%emt 0:00:05]} Kc7 {[%emt 0:00:01]} 17. Bf3 {[%emt 0:00:22]} Nd7 {[%emt 0:00:19]} 18. Bxb7 {[%emt 0:00:05]} Kxb7 {[%emt 0:00:01]} 19. Qxg5 {[%emt 0:00:02]} Bf6 {[%emt 0:00:37]} 20. Qd5+ {[%emt 0:00:02]} Kc7 {[%emt 0:00:01]} 21. O-O-O {[%emt 0:00:08]} Qg8 {[%emt 0:00:05]} 22. Qf3 {[%emt 0:00:05]} Qxa2 {[%emt 0:00:08]} 23. Qxa8 {[%emt 0:00:03]} cxd4 {[%emt 0:00:18]} 24. exd4 {[%emt 0:00:09]} Qa1+ {[%emt 0:00:03]} 25. Kc2 {[%emt 0:00:01]} Qa4+ {[%emt 0:00:02]} 26. Nb3 {[%emt 0:00:03]} b5 {[%emt 0:00:08]} 27. Ra1 {[%emt 0:00:06]} Qc4 {[%emt 0:00:02]} 28. Rxa7+ {[%emt 0:00:04]} 1-0

[Event "EWIBCC 2019"]
[Site "Monte-Carlo"]
[Date "2019.11.29"]
[Round "3.6"]
[White "Gunina, Valentina"]
[Black "Berend, Elvira"]
[Result "1/2-1/2"]
[WhiteElo "2509"]
[BlackElo "2349"]
[Annotator "TA"]
[PlyCount "156"]
[EventDate "2019.11.29"]
[EventType "swiss"]
[EventCountry "MNC"]
[SourceTitle "playchess.com"]
[Source "ChessBase"]
[SourceQuality "1"]

{[%evp 21,156,13,24,13,22,7,10,16,16,16,8,6,64,16,27,18,24,31,40,29,26,28,29,15,31,21,41,4,28,17,20,8,8,8,8,12,26,20,44,53,60,28,27,18,70,75,69,57,61,51,62,0,57,56,64,68,138,126,263,263,263,263,883,262,711,639,865,327,1272,1272,1814,1131,1528,520,12792,12707,12792,1095,1168,95,488,445,6444,1476,4979,640,538,95,95,95,95,95,176,176,176,176,176,176,176,176,176,176,176,176,176,176,176,176,176,176,176,176,176,176,179,179,179,148,179,179,256,256,256,256,256,256,256,256,256,256,256,256,256,256,256,256,256]} 1. e4 e5 2. Nf3 Nc6 3. Bb5 Nf6 4. O-O Nxe4 5. d4 Nd6 6. Bxc6 dxc6 7. dxe5 Nf5 8. Qxd8+ Kxd8 9. Nc3 h6 10. Rd1+ Ke8 11. h3 Be7 12. Bf4 {C67: Ruy Lopez: Berlin Defence: 4 0-0 Nxe4} Be6 13. b3 {[#]} b6 $146 ({Predecessor:} 13... Rd8 14. Ne2 g5 15. Bh2 h5 16. Nfd4 Bc8 17. c3 g4 18. hxg4 hxg4 {0-1 (52) Xiong,J (2467)-Akobian,V (2637) ICC INT 2014}) 14. g4 {The position is equal.} Nh4 15. Nxh4 Bxh4 16. Ne2 h5 (16... c5 $11) 17. f3 hxg4 18. hxg4 Be7 19. Nd4 Bc5 20. Kg2 Bxd4 $1 21. Rxd4 Rd8 22. Rad1 Rxd4 23. Rxd4 $11 {[%mdl 4096] Endgame KRB-KRB} Ke7 24. c4 c5 25. Rd2 a5 26. Bg5+ f6 27. exf6+ gxf6 28. Bf4 Rc8 29. Kg3 Kf7 30. Rh2 Kg7 31. Re2 Kf7 32. a4 c6 (32... Bd7 $11) 33. Rh2 $14 Kg7 34. Rd2 Kf7 35. Rd6 Ke7 36. Rd2 Kf7 $1 37. Kf2 Ke7 38. Ke2 Rd8 (38... Ke8 $14) 39. Bc7 $1 $16 {[%cal Rc7d8]} Rxd2+ (39... Re8 $16) 40. Kxd2 {KB-KB} b5 41. Kd3 ({Weaker is} 41. cxb5 cxb5 42. axb5 Bd7 $16) (41. Bxa5 bxc4 42. bxc4 Bxc4 $16) (41. axb5 cxb5 42. cxb5 c4 $16) 41... bxa4 $2 (41... Kd7 42. Bxa5 Ke7) 42. bxa4 $18 Bf7 $2 (42... f5 43. g5 (43. Bxa5 fxg4 44. fxg4 Bxg4 $14) 43... Bc8 44. Bxa5 Ke6) 43. Bxa5 Bg6+ 44. Kd2 $2 (44. Kc3 Kd7 45. Bb6) 44... Kd6 $2 (44... Bf7 45. Kd3 Be6) 45. Bd8 f5 46. g5 Kd7 47. Bf6 Kc7 (47... f4 $142 48. Be5 Bf7) 48. a5 Kb7 49. Be7 (49. f4 $142 Ka6 50. Bd8) 49... Ka6 50. Bd8 $2 (50. f4 $18 {has better winning chances.} Kxa5 51. Bxc5) 50... Bf7 $2 {[%mdl 8192]} (50... f4 $16 51. Bc7 Bh5 52. Bxf4 Bxf3) 51. Kd3 Kb7 (51... f4 $142 52. Ke4 Bxc4) 52. Bb6 (52. f4 $142 Ka7 53. Be7) 52... Ka6 53. Kc3 (53. f4 $142 Bh5 54. Bxc5) 53... f4 54. Bc7 $2 (54. Bxc5 $18 Kxa5 55. Kd4) 54... Bh5 $16 55. Bxf4 Bxf3 56. g6 {White wants to mate with g7.} Bh5 (56... Be4 $16) 57. g7 $18 Bf7 {[#]} 58. Bc7 $1 Bg8 59. Kd3 Bf7 60. Bb6 Bg8 61. Kc3 Bf7 62. Kb3 Bg8 {[#]} 63. Ka4 $1 Bxc4 64. Bxc5 Bd5 65. Kb4 Bg8 66. Bb6 Bf7 67. Kc5 Bg8 68. Kxc6 Bf7 69. Kd6 Bg8 70. Kc5 Kb7 (70... Be6 $142 71. Kd6 Bb3) 71. Kb5 {White has a decisive advantage.} Ka8 72. a6 Bf7 73. Kc5 Bg8 74. Kd6 Bf7 75. Ke7 Bg8 76. Bc5 Bd5 77. Kd6 Bg8 78. Bd4 Bf7 {[%mdl 32768] Accuracy: White = 55%, Black = 35%. . An unexpected result.} 1/2-1/2